[Event "IHEM"]
[Site "Hamburg"]
[Date "1999.05.22"]
[Round "1.1"]
[White "Hegeler, Frank"]
[Black "Ftacnik, Lubomir"]
[Result "0-1"]
[WhiteElo "2356"]
[BlackElo "2585"]
[PlyCount "74"]
[EventDate "1999.05.22"]
[Source "ChessBase"]
[SourceDate "1999.10.01"]

1. d4 Nf6 2. Nf3 g6 3. g3 d5 4. Bg2 Bg7 5. O-O O-O 6. Nbd2 Na6 7. b3 c5 8. Bb2
cxd4 9. Bxd4 Nb4 10. Bb2 Nc6 11. e3 Qa5 12. c4 Rd8 13. cxd5 Nxd5 14. Bxg7 Kxg7
15. Nc4 Qc3 16. Rc1 Qf6 17. Nd4 Ndb4 18. Qe2 Nxd4 19. exd4 Rxd4 20. Ne5 Nxa2
21. Rc7 Qd6 22. Bxb7 Qxc7 23. Bxa8 Nb4 24. Re1 Rd8 25. Bf3 f6 26. Nc4 e5 27.
Rd1 Be6 28. Rxd8 Qxd8 29. Qe3 Bxc4 30. bxc4 Qd4 31. Qa3 h5 32. h4 f5 33. Be2
Qc5 34. Qa4 Qe7 35. Qa5 Nc6 36. Qa6 Nd4 37. Bd1 e4 0-1

[Event "IHEM"]
[Site "Hamburg"]
[Date "1999.05.22"]
[Round "1.2"]
[White "Mueller, Karsten"]
[Black "Bach, Matthias"]
[Result "1/2-1/2"]
[WhiteElo "2558"]
[BlackElo "2337"]
[PlyCount "166"]
[EventDate "1999.05.22"]
[Source "ChessBase"]
[SourceDate "1999.10.01"]

1. e4 e5 2. Nf3 Nc6 3. Nc3 Bc5 4. Nxe5 Nxe5 5. d4 Bd6 6. dxe5 Bxe5 7. Qd3 b6 8.
Qd5 Bxc3+ 9. bxc3 Rb8 10. Qe5+ Kf8 11. Ba3+ d6 12. O-O-O Ne7 13. Bc4 Be6 14.
Bxd6 cxd6 15. Rxd6 Bxc4 16. Rxd8+ Rxd8 17. Qc7 Rc8 18. Rd1 f6 19. Qxa7 Kf7 20.
Rd7 Rhe8 21. a4 Bf1 22. Qxb6 Rxc3 23. Qb4 Rc4 24. Qb3 Kf8 25. Rd1 Be2 26. f3
Rec8 27. Rd2 Rc3 28. Rd8+ Rxd8 29. Qxc3 Rc8 30. Qb4 Rc6 31. Kd2 Ba6 32. c3 Kf7
33. Qb8 Bc8 34. Qb3+ Kf8 35. Ke3 Ba6 36. h4 h6 37. Qb4 Kf7 38. g4 Bc8 39. Qb3+
Be6 40. Qb4 Bc8 41. c4 Ba6 42. c5 Bc8 43. Qb3+ Be6 44. Qb5 Bc8 45. Kd4 Ba6 46.
Qb3+ Kf8 47. Qb8+ Kf7 48. Qb3+ Kf8 49. f4 Bc8 50. f5 Ra6 51. Ke3 Rc6 52. Qb5
Ba6 53. Qa5 Ke8 54. Kf4 Bc8 55. g5 hxg5+ 56. hxg5 fxg5+ 57. Kxg5 Kf7 58. Qb5
Ba6 59. Qb3+ Kf8 60. Qd1 Bc8 61. Qd4 Rh6 62. Qc4 Rc6 63. a5 Ba6 64. Qd4 Bc8 65.
Qd3 Kf7 66. Qb5 Rf6 67. Qb8 Rc6 68. Qb3+ Kf8 69. Qc4 Ba6 70. Qd4 Bc8 71. Qd3
Kf7 72. a6 Bxa6 73. Qb3+ Kf8 74. e5 Bc8 75. Qb8 Rxc5 76. f6 gxf6+ 77. Kxf6 Rc4
78. e6 Rc5 79. Qb1 Nd5+ 80. Kg6 Ke7 81. Qe4 Bxe6 82. Qh4+ Kd7 83. Qa4+ Kd6
1/2-1/2

[Event "IHEM"]
[Site "Hamburg"]
[Date "1999.05.22"]
[Round "1.3"]
[White "Hochgraefe, Markus"]
[Black "Rogozenko, Dorian"]
[Result "1/2-1/2"]
[WhiteElo "2329"]
[BlackElo "2557"]
[PlyCount "40"]
[EventDate "1999.05.22"]
[Source "ChessBase"]
[SourceDate "1999.10.01"]

1. c4 c5 2. Nf3 Nc6 3. Nc3 e5 4. g3 g6 5. Bg2 Bg7 6. O-O Nge7 7. Ne1 d6 8. Nc2
O-O 9. a3 Be6 10. Ne3 Rb8 11. b4 a6 12. Rb1 cxb4 13. axb4 b5 14. cxb5 axb5 15.
Ned5 Qd7 16. d3 Nxd5 17. Nxd5 Ne7 18. Nxe7+ Qxe7 19. Be3 Rfc8 20. Qd2 d5
1/2-1/2

[Event "IHEM"]
[Site "Hamburg"]
[Date "1999.05.22"]
[Round "1.4"]
[White "Kempinski, Robert"]
[Black "Heyken, Enno"]
[Result "1-0"]
[WhiteElo "2533"]
[BlackElo "2356"]
[PlyCount "81"]
[EventDate "1999.05.22"]
[Source "ChessBase"]
[SourceDate "1999.10.01"]

1. d4 Nf6 2. Nf3 c5 3. d5 e6 4. c4 exd5 5. cxd5 d6 6. Nc3 g6 7. Bg5 h6 8. Bh4
g5 9. Bg3 Nh5 10. e3 Nxg3 11. hxg3 Bg7 12. Qc2 a6 13. Bd3 b5 14. a4 c4 15. Be2
b4 16. Nd1 c3 17. bxc3 O-O 18. Rc1 a5 19. Nd4 Na6 20. Nc6 Qf6 21. Nxa5 bxc3 22.
Nc6 Nc5 23. Nxc3 Re8 24. Nd4 Bd7 25. O-O Nxa4 26. Bb5 Rec8 27. Bc6 Bxc6 28.
dxc6 Nxc3 29. Qxc3 Qe5 30. Qc4 Ra5 31. Nb3 Ra7 32. Rfd1 Rac7 33. Qa4 Qe6 34.
Qb5 Be5 35. Na5 Qe8 36. Qd5 Ra7 37. Rc2 Rca8 38. Nc4 Rc7 39. Nxd6 Bxd6 40. Qxd6
Rac8 41. Qxh6 1-0

[Event "IHEM"]
[Site "Hamburg"]
[Date "1999.05.22"]
[Round "1.5"]
[White "Buhr, Carl Christian"]
[Black "Hansen, Sune Berg"]
[Result "1/2-1/2"]
[WhiteElo "2320"]
[BlackElo "2499"]
[PlyCount "90"]
[EventDate "1999.05.22"]
[Source "ChessBase"]
[SourceDate "1999.10.01"]

1. d4 Nf6 2. c4 e6 3. Nc3 Bb4 4. e3 O-O 5. Nge2 d5 6. a3 Be7 7. cxd5 Nxd5 8.
Qc2 Nd7 9. e4 Nxc3 10. Nxc3 c5 11. Be3 cxd4 12. Bxd4 a6 13. Be2 Qc7 14. O-O b5
15. Be3 Bd6 16. g3 Bb7 17. Rfd1 Nf6 18. Bf3 Be5 19. Bd4 h5 20. Qe2 Rfd8 21.
Bxe5 Qxe5 22. Rxd8+ Rxd8 23. Rd1 Rc8 24. Qe3 g6 25. Qd4 Qxd4 26. Rxd4 Rc7 27.
Be2 Kf8 28. f3 Ke7 29. Kf2 Nd7 30. Bf1 Ne5 31. Ke3 Nc6 32. Rd2 Na5 33. Be2 Rc8
34. Bf1 g5 35. Be2 Rc5 36. Na2 Rc7 37. Nc3 Rc8 38. Rd1 Nb3 39. f4 gxf4+ 40.
Kxf4 Na5 41. Ke3 Rc5 42. Rc1 Nb3 43. Rf1 Re5 44. Rf4 Nc5 45. Bf3 Nd7 1/2-1/2

[Event "IHEM"]
[Site "Hamburg"]
[Date "1999.05.22"]
[Round "1.6"]
[White "Heinemann, Thies"]
[Black "Trisic, Alexandar"]
[Result "1-0"]
[WhiteElo "2483"]
[BlackElo "2317"]
[PlyCount "69"]
[EventDate "1999.05.22"]
[Source "ChessBase"]
[SourceDate "1999.10.01"]

1. e4 c5 2. Nc3 e6 3. Nge2 a6 4. d4 cxd4 5. Nxd4 d6 6. f4 Qc7 7. Bd3 Nf6 8. g4
Nc6 9. Nb3 h6 10. Qf3 b5 11. h4 Nd7 12. g5 hxg5 13. hxg5 Rxh1+ 14. Qxh1 g6 15.
Qh7 Qb6 16. Ne2 a5 17. c3 Ba6 18. Qh3 a4 19. Be3 Qb7 20. Nd2 b4 21. Bxa6 Qxa6
22. Bf2 Bg7 23. f5 exf5 24. exf5 gxf5 25. Qxf5 Nde5 26. c4 Qc8 27. Qe4 Qe6 28.
O-O-O Rc8 29. Nf4 Qg4 30. Be3 Kf8 31. Rg1 Qd7 32. g6 Re8 33. gxf7 Qxf7 34. Qh7
Ne7 35. Ne6+ 1-0

[Event "IHEM"]
[Site "Hamburg"]
[Date "1999.05.22"]
[Round "1.7"]
[White "Stanke, Juergen"]
[Black "Wilhelmi, Christian"]
[Result "1-0"]
[WhiteElo "2315"]
[BlackElo "2446"]
[PlyCount "49"]
[EventDate "1999.05.22"]
[Source "ChessBase"]
[SourceDate "1999.10.01"]

1. e4 c5 2. Nf3 Nc6 3. d4 cxd4 4. Nxd4 Qc7 5. Nc3 e6 6. g3 a6 7. Bg2 Nge7 8. a4
Nxd4 9. Qxd4 Nc6 10. Qc4 Qa5 11. O-O Ne5 12. Qe2 h5 13. Nd5 exd5 14. exd5 d6
15. f4 Bg4 16. Qe3 f6 17. h3 Bd7 18. fxe5 dxe5 19. Qd3 O-O-O 20. Be3 Kb8 21. b4
Bxb4 22. Rfb1 Bc5 23. Kh1 Ka7 24. Bd2 Qc7 25. d6 1-0

[Event "IHEM"]
[Site "Hamburg"]
[Date "1999.05.22"]
[Round "1.9"]
[White "Pajeken, Wolfgang"]
[Black "Kopylov, Mihail"]
[Result "1/2-1/2"]
[WhiteElo "2293"]
[BlackElo "2421"]
[PlyCount "52"]
[EventDate "1999.05.22"]
[Source "ChessBase"]
[SourceDate "1999.10.01"]

1. d4 Nf6 2. c4 c5 3. d5 b5 4. Nf3 Bb7 5. a4 bxc4 6. Nc3 e6 7. e4 Qa5 8. Bd2
Qb6 9. a5 Qb3 10. Qxb3 cxb3 11. a6 Bc8 12. Bc4 d6 13. e5 dxe5 14. Nxe5 Bd6 15.
f4 O-O 16. O-O exd5 17. Nxd5 Nbd7 18. Rfe1 Nxd5 19. Bxd5 Rb8 20. Nc6 Rb6 21.
Nxa7 Bxa6 22. Ba5 Rbb8 23. Bc3 Bd3 24. Nc6 Rbe8 25. Ne5 Bf5 26. Bxb3 Rb8
1/2-1/2

[Event "IHEM"]
[Site "Hamburg"]
[Date "1999.05.22"]
[Round "1.10"]
[White "Reeh, Oliver"]
[Black "Bekker Jensen, David"]
[Result "1/2-1/2"]
[WhiteElo "2420"]
[BlackElo "2263"]
[PlyCount "43"]
[EventDate "1999.05.22"]
[Source "ChessBase"]
[SourceDate "1999.10.01"]

1. e4 c5 2. Nf3 d6 3. d4 Nf6 4. Nc3 cxd4 5. Nxd4 a6 6. Bg5 e6 7. f4 Nc6 8. e5
h6 9. Bh4 Nxd4 10. Qxd4 dxe5 11. Qxd8+ Kxd8 12. fxe5 g5 13. Bg3 Nd7 14. O-O-O
Bg7 15. Be2 Ke7 16. Bh5 b5 17. Rhf1 Rf8 18. Ne4 Nxe5 19. Bf2 Nd7 20. Bg3 Ne5
21. Bf2 Nd7 22. Bg3 1/2-1/2

[Event "IHEM"]
[Site "Hamburg"]
[Date "1999.05.22"]
[Round "1.11"]
[White "Voigt, Martin"]
[Black "Joecks, Christian"]
[Result "0-1"]
[WhiteElo "2257"]
[BlackElo "2415"]
[PlyCount "68"]
[EventDate "1999.05.22"]
[Source "ChessBase"]
[SourceDate "1999.10.01"]

1. e4 c5 2. Nf3 d6 3. d4 cxd4 4. Nxd4 Nf6 5. Nc3 a6 6. Bc4 e6 7. Bb3 Nbd7 8. f4
Nc5 9. Qf3 Be7 10. f5 O-O 11. Be3 Qc7 12. g4 b5 13. g5 Nfxe4 14. Nxe4 Bb7 15.
fxe6 Bxe4 16. exf7+ Kh8 17. Qh5 Nxb3 18. axb3 Bg6 19. Qg4 Rxf7 20. Kd2 d5 21.
h4 Be4 22. Rhe1 Bd6 23. c3 b4 24. Rf1 bxc3+ 25. bxc3 Rxf1 26. Rxf1 Rc8 27. Ne2
Be5 28. Rc1 Rb8 29. b4 Qc4 30. Bd4 Qd3+ 31. Ke1 Bf3 32. Nf4 Bxf4 33. Bxg7+ Kxg7
34. Qd7+ Kh8 0-1

[Event "IHEM"]
[Site "Hamburg"]
[Date "1999.05.22"]
[Round "1.12"]
[White "Lamprecht, Frank"]
[Black "Bathke, Joerg"]
[Result "1-0"]
[WhiteElo "2399"]
[BlackElo "2225"]
[PlyCount "67"]
[EventDate "1999.05.22"]
[Source "ChessBase"]
[SourceDate "1999.10.01"]

1. d4 d5 2. c4 dxc4 3. e4 Nf6 4. e5 Nd5 5. Bxc4 Nb6 6. Bb3 Nc6 7. Nf3 Nb4 8.
Ng5 N4d5 9. Qf3 f6 10. Nc3 e6 11. exf6 Qxf6 12. Qd3 g6 13. O-O Be7 14. Nce4 Qf5
15. Qe2 Bd7 16. g4 Qf8 17. Nc5 Bxc5 18. dxc5 Qxc5 19. Nxe6 Qe7 20. Qe5 Bxe6 21.
Qxh8+ Kd7 22. Qe5 Bxg4 23. Qxe7+ Kxe7 24. Bg5+ Kd6 25. f3 Be6 26. Rad1 c6 27.
Rfe1 a5 28. a3 Rf8 29. Kg2 Rf5 30. h4 Rf7 31. Kg3 Nd7 32. Bf4+ Rxf4 33. Bxd5
Bxd5 34. Kxf4 1-0

[Event "IHEM"]
[Site "Hamburg"]
[Date "1999.05.22"]
[Round "1.13"]
[White "Engelbert, Christoph"]
[Black "Loeffler, Stefan"]
[Result "0-1"]
[WhiteElo "2211"]
[BlackElo "2385"]
[PlyCount "58"]
[EventDate "1999.05.22"]
[Source "ChessBase"]
[SourceDate "1999.10.01"]

1. e4 c5 2. c3 g6 3. d4 cxd4 4. cxd4 d5 5. exd5 Nf6 6. Nc3 Bg7 7. g3 Nxd5 8.
Bg2 Be6 9. Nge2 Nc6 10. O-O Rc8 11. Be3 O-O 12. Qd2 Nxe3 13. fxe3 Bc4 14. Rfd1
Bh6 15. b3 Ba6 16. Rac1 e5 17. Nd5 Bxe2 18. Qxe2 exd4 19. Nf4 Re8 20. Qb5 Qe7
21. e4 a6 22. Qf1 Nb4 23. Rc4 Bxf4 24. gxf4 Nc2 25. Rxc8 Rxc8 26. Rc1 Rc3 27.
Qf2 Qc5 28. h3 Ne3 29. Re1 Rc2 0-1

[Event "IHEM"]
[Site "Hamburg"]
[Date "1999.05.22"]
[Round "1.14"]
[White "Reddmann, Hauke"]
[Black "Maahs, Erich"]
[Result "0-1"]
[WhiteElo "2368"]
[BlackElo "2203"]
[PlyCount "94"]
[EventDate "1999.05.22"]
[Source "ChessBase"]
[SourceDate "1999.10.01"]

1. d4 d5 2. Bf4 Nc6 3. e3 f6 4. Bb5 e6 5. Nf3 Bd6 6. O-O Nge7 7. Re1 O-O 8.
Bxd6 Qxd6 9. c4 a6 10. cxd5 exd5 11. Bf1 Bg4 12. Nbd2 Nd8 13. Rc1 Nf7 14. Qb3
c6 15. Rc3 Qd7 16. e4 Be6 17. Qc2 Rae8 18. a4 dxe4 19. Nxe4 Bf5 20. Nc5 Qc8 21.
Qb3 Nd5 22. Rcc1 Nd6 23. Nh4 Be6 24. Qg3 Nf5 25. Nxf5 Bxf5 26. Qb3 b5 27. axb5
axb5 28. Bxb5 Kh8 29. Bc4 Qd8 30. Qf3 Bc8 31. h3 Qd6 32. Bxd5 cxd5 33. Re3 Rxe3
34. Qxe3 Qb6 35. b3 h6 36. Ra1 Qb4 37. Ra4 Qb6 38. Qe7 Rg8 39. g4 f5 40. f3
fxg4 41. hxg4 Qg6 42. Qe2 Re8 43. Qd3 Qg5 44. Ra1 Re3 45. Qf1 Bxg4 46. Qg2 Rxf3
47. Re1 Qh4 0-1

[Event "IHEM"]
[Site "Hamburg"]
[Date "1999.05.22"]
[Round "1.15"]
[White "Sass, Andreas"]
[Black "Bekker Jensen, Simon"]
[Result "0-1"]
[WhiteElo "2146"]
[BlackElo "2360"]
[PlyCount "80"]
[EventDate "1999.05.22"]
[Source "ChessBase"]
[SourceDate "1999.10.01"]

1. d4 Nf6 2. c4 g6 3. Nc3 Bg7 4. e4 d6 5. Nf3 O-O 6. Be2 Na6 7. O-O e5 8. Be3
Ng4 9. Bg5 Qe8 10. h3 h6 11. Bc1 Nf6 12. dxe5 dxe5 13. Be3 Qe7 14. a3 c6 15. b4
Nh5 16. Qc2 Nf4 17. Rad1 Nxe2+ 18. Qxe2 Be6 19. c5 f5 20. Bc1 f4 21. Rd6 g5 22.
Bb2 Nc7 23. Rc1 Ne8 24. Rdd1 h5 25. Nh2 Nf6 26. Nb1 Bd7 27. Nd2 g4 28. Nc4 gxh3
29. Nxe5 Rfd8 30. Ng6 Qf7 31. Nxf4 Ng4 32. Bxg7 Qxf4 33. g3 Qf7 34. Bb2 Nxh2
35. Kxh2 Bg4 36. Rxd8+ Rxd8 37. Qe3 Rd3 38. Qg5+ Kh7 39. Rc2 Rd1 40. Rd2 Rh1+
0-1

[Event "IHEM"]
[Site "Hamburg"]
[Date "1999.05.23"]
[Round "2.2"]
[White "Loeffler, Stefan"]
[Black "Kempinski, Robert"]
[Result "0-1"]
[WhiteElo "2385"]
[BlackElo "2533"]
[PlyCount "75"]
[EventDate "1999.05.22"]
[Source "ChessBase"]
[SourceDate "1999.10.01"]

1. g3 Nf6 2. Bg2 d5 3. Nf3 g6 4. c4 dxc4 5. Na3 Bg7 6. Nxc4 O-O 7. b3 c5 8. Ba3
Na6 9. O-O Be6 10. d4 Rc8 11. Rc1 b5 12. Nce5 Qa5 13. Bxc5 Nxc5 14. dxc5 Rfd8
15. Nd4 Bd5 16. Bh3 e6 17. Qe1 b4 18. a3 Qc7 19. f4 bxa3 20. Nb5 Qe7 21. Nd6
Rb8 22. e4 Ba8 23. Nexf7 Nxe4 24. Nxd8 Bd4+ 25. Kg2 Nxd6+ 26. c6 Rxd8 27. Qxe6+
Qxe6 28. Bxe6+ Kg7 29. Kh3 a2 30. c7 Re8 31. Bd7 Re2 32. Bc6 a1=Q 33. Rxa1 Bxc6
34. g4 Bg2+ 35. Kg3 Bxf1 36. Rxf1 Re3+ 37. Kg2 Re2+ 38. Kf3 0-1

[Event "IHEM"]
[Site "Hamburg"]
[Date "1999.05.23"]
[Round "2.3"]
[White "Bekker Jensen, Simon"]
[Black "Heinemann, Thies"]
[Result "1/2-1/2"]
[WhiteElo "2360"]
[BlackElo "2483"]
[PlyCount "42"]
[EventDate "1999.05.22"]
[Source "ChessBase"]
[SourceDate "1999.10.01"]

1. d4 Nf6 2. c4 c5 3. d5 b5 4. cxb5 a6 5. bxa6 g6 6. Nc3 Bxa6 7. e4 Bxf1 8.
Kxf1 d6 9. Nf3 Bg7 10. g3 Nbd7 11. Kg2 O-O 12. Re1 Qb6 13. h3 Ne8 14. Re2 Nc7
15. Bf4 Rfb8 16. Rc1 Qa6 17. Rcc2 Rb4 18. e5 dxe5 19. Nxe5 Nxe5 20. Bxe5 Bxe5
21. Rxe5 e6 1/2-1/2

[Event "IHEM"]
[Site "Hamburg"]
[Date "1999.05.23"]
[Round "2.4"]
[White "Maahs, Erich"]
[Black "Urban, Klaudiusz"]
[Result "0-1"]
[WhiteElo "2203"]
[BlackElo "2444"]
[PlyCount "82"]
[EventDate "1999.05.22"]
[Source "ChessBase"]
[SourceDate "1999.10.01"]

1. e4 g6 2. d4 Bg7 3. Nc3 d6 4. Be3 a6 5. Qd2 b5 6. f3 Nd7 7. h4 h5 8. Nh3 Bb7
9. Ng5 c5 10. Ne2 Ngf6 11. c3 O-O 12. g4 cxd4 13. cxd4 hxg4 14. h5 Nxh5 15.
fxg4 Nhf6 16. Ng3 Nxg4 17. Nh7 Nxe3 18. Qxe3 Qa5+ 19. Ke2 Qb4 20. Rd1 Rfc8 21.
Rd2 Rc1 22. a3 Qc4+ 23. Kf2 Qc6 24. Rh4 Rc2 25. Bh3 Nf6 26. Ng5 Bc8 27. e5 dxe5
28. dxe5 Rxd2+ 29. Qxd2 Qc5+ 30. Qe3 Qxe3+ 31. Kxe3 Nd5+ 32. Kd4 Bxh3 33. Kxd5
Bg2+ 34. Kc5 Bxe5 35. N3e4 Bxb2 36. Kb4 Bf6 37. Rg4 Bxe4 38. Nxe4 Rd8 39. Nc5
Be5 40. Ka5 Bd6 41. Nb7 Rd7 0-1

[Event "IHEM"]
[Site "Hamburg"]
[Date "1999.05.23"]
[Round "2.5"]
[White "Joecks, Christian"]
[Black "Stanke, Juergen"]
[Result "1/2-1/2"]
[WhiteElo "2415"]
[BlackElo "2315"]
[PlyCount "63"]
[EventDate "1999.05.22"]
[Source "ChessBase"]
[SourceDate "1999.10.01"]

1. e4 c5 2. Nf3 Nc6 3. d4 cxd4 4. Nxd4 Qc7 5. Nc3 e6 6. Be3 Nf6 7. Bd3 a6 8.
O-O h5 9. h3 Nxd4 10. Bxd4 Bc5 11. Be2 Qd6 12. Bxc5 Qxc5 13. Qd3 h4 14. Rad1 b5
15. b4 Qc7 16. f4 Bb7 17. e5 Nh5 18. Bf3 Ng3 19. Rfe1 Bxf3 20. Qxf3 Rc8 21. Rd3
O-O 22. Kh2 f6 23. Qg4 fxe5 24. Rxe5 Nf5 25. Ne4 d6 26. Rxe6 Qxc2 27. Nf6+ Rxf6
28. Rxf6 Qxd3 29. Rxf5 Rc2 30. Rg5 Qg3+ 31. Qxg3 hxg3+ 32. Kxg3 1/2-1/2

[Event "IHEM"]
[Site "Hamburg"]
[Date "1999.05.23"]
[Round "2.7"]
[White "Rogozenko, Dorian"]
[Black "Buhr, Carl Christian"]
[Result "1-0"]
[WhiteElo "2557"]
[BlackElo "2320"]
[PlyCount "67"]
[EventDate "1999.05.22"]
[Source "ChessBase"]
[SourceDate "1999.10.01"]

1. d4 Nf6 2. c4 e6 3. Nc3 Bb4 4. Bg5 h6 5. Bh4 c5 6. d5 d6 7. e3 Bxc3+ 8. bxc3
e5 9. Bd3 Nbd7 10. Ne2 Qe7 11. Ng3 e4 12. Nxe4 g5 13. Nxf6+ Qxf6 14. Bg3 Qxc3+
15. Ke2 Ne5 16. Rb1 Qxd3+ 17. Qxd3 Nxd3 18. Kxd3 Kd7 19. h4 g4 20. f3 Rg8 21.
Rhf1 gxf3 22. Rxf3 f5 23. h5 Kc7 24. Bf4 Bd7 25. Bxh6 Rxg2 26. Bf4 Ba4 27. Rc1
b5 28. cxb5 Bxb5+ 29. Kc3 Be2 30. Rh3 Bg4 31. Rhh1 Bf3 32. h6 Rg6 33. Rhg1 Bg4
34. Rb1 1-0

[Event "IHEM"]
[Site "Hamburg"]
[Date "1999.05.23"]
[Round "2.8"]
[White "Hansen, Sune Berg"]
[Black "Pajeken, Wolfgang"]
[Result "1-0"]
[WhiteElo "2499"]
[BlackElo "2293"]
[PlyCount "63"]
[EventDate "1999.05.22"]
[Source "ChessBase"]
[SourceDate "1999.10.01"]

1. e4 Nf6 2. e5 Nd5 3. d4 d6 4. Nf3 c6 5. Be2 dxe5 6. Nxe5 Nd7 7. Nf3 g6 8. O-O
Bg7 9. c4 Nc7 10. Nc3 O-O 11. h3 e5 12. Bg5 Qe8 13. dxe5 Ne6 14. Bh4 Nxe5 15.
Ne4 Nxf3+ 16. Bxf3 f5 17. Nd6 Qd7 18. Re1 Bxb2 19. Rb1 Bf6 20. Bxf6 Rxf6 21.
Nxb7 Qc7 22. Nd6 Ba6 23. c5 Kf8 24. Qd2 Rd8 25. Qc3 Qg7 26. Qa5 Qc7 27. Qc3 Qg7
28. Qa5 Qc7 29. Qxa6 Nxc5 30. Qa3 Qxd6 31. Red1 Nd3 32. Rxd3 1-0

[Event "IHEM"]
[Site "Hamburg"]
[Date "1999.05.23"]
[Round "2.9"]
[White "Kopylov, Mihail"]
[Black "Hochgraefe, Markus"]
[Result "1-0"]
[WhiteElo "2421"]
[BlackElo "2329"]
[PlyCount "117"]
[EventDate "1999.05.22"]
[Source "ChessBase"]
[SourceDate "1999.10.01"]

1. d4 Nf6 2. c4 e6 3. g3 d5 4. Bg2 dxc4 5. Nf3 Nc6 6. Qa4 Nd7 7. Qxc4 Nb6 8.
Qd3 Nb4 9. Qb3 e5 10. Ng5 Qe7 11. a3 h6 12. Nf3 Nc6 13. d5 Nd8 14. Nc3 g6 15.
e4 Bg7 16. Be3 O-O 17. Nb5 c6 18. Nxa7 Rxa7 19. Bxb6 Ra6 20. Rc1 Qf6 21. Be3
Bg4 22. Nd2 cxd5 23. exd5 e4 24. Nxe4 Qxb2 25. Qxb2 Bxb2 26. Rb1 Bxa3 27. Bxh6
Re8 28. O-O Bf5 29. Rfe1 Bxe4 30. Rxe4 Rxe4 31. Bxe4 f5 32. Bd3 Rd6 33. Bf4 Rd7
34. Bb5 Rf7 35. Be8 Rf6 36. Bg5 Rd6 37. Be7 Ra6 38. Bxd8 Ra8 39. Bf6 Rxe8 40.
Rxb7 Re1+ 41. Kg2 Rd1 42. Rd7 Bc5 43. Kf3 Rd2 44. Kf4 Kf8 45. Kg5 Ke8 46. Rh7
Bxf2 47. Kxg6 Rxd5 48. Rh8+ Kd7 49. Rd8+ Ke6 50. Rxd5 Kxd5 51. Kxf5 Kd6 52. g4
Kd7 53. g5 Ke8 54. g6 Kf8 55. h4 Kg8 56. h5 Be3 57. Bg5 Bd4 58. h6 Bc3 59. Bf6
1-0

[Event "IHEM"]
[Site "Hamburg"]
[Date "1999.05.23"]
[Round "2.10"]
[White "Bach, Matthias"]
[Black "Reeh, Oliver"]
[Result "1-0"]
[WhiteElo "2337"]
[BlackElo "2420"]
[PlyCount "45"]
[EventDate "1999.05.22"]
[Source "ChessBase"]
[SourceDate "1999.10.01"]

1. d4 Nf6 2. c4 e6 3. Nf3 Bb4+ 4. Nbd2 b6 5. g3 Bb7 6. Bg2 c5 7. d5 exd5 8. Nh4
O-O 9. O-O Re8 10. Nf5 d6 11. a3 Bxd2 12. Qxd2 Ne4 13. Qf4 Re5 14. cxd5 Bxd5
15. Rd1 Nc6 16. Rxd5 Rxd5 17. Bxe4 Rd1+ 18. Kg2 Nd4 19. Qg4 g6 20. Bg5 gxf5 21.
Bxf5 h5 22. Qxh5 Nxf5 23. Bxd8 1-0

[Event "IHEM"]
[Site "Hamburg"]
[Date "1999.05.23"]
[Round "2.11"]
[White "Wilhelmi, Christian"]
[Black "Voigt, Martin"]
[Result "1/2-1/2"]
[WhiteElo "2446"]
[BlackElo "2257"]
[PlyCount "61"]
[EventDate "1999.05.22"]
[Source "ChessBase"]
[SourceDate "1999.10.01"]

1. c4 e6 2. Nf3 d5 3. d4 Nf6 4. g3 c6 5. Qc2 Be7 6. Bg2 Nbd7 7. O-O O-O 8. Nbd2
b6 9. e4 Nxe4 10. Nxe4 dxe4 11. Qxe4 Bb7 12. Bf4 Nf6 13. Qe2 c5 14. Rfd1 Qe8
15. d5 exd5 16. Re1 Bd8 17. Ne5 Bc7 18. Rad1 Ne4 19. cxd5 Bxe5 20. Bxe4 f5 21.
Bg2 Bd4 22. Be5 Bxe5 23. Qxe5 Qf7 24. Qf4 Rad8 25. Rd2 Rd7 26. Re5 h6 27. h4
Re7 28. Re6 Rd7 29. Re5 Re7 30. Re6 Rd7 31. Re5 1/2-1/2

[Event "IHEM"]
[Site "Hamburg"]
[Date "1999.05.23"]
[Round "2.12"]
[White "Lindinger, Markus"]
[Black "Reddmann, Hauke"]
[Result "1-0"]
[WhiteElo "2302"]
[BlackElo "2368"]
[PlyCount "107"]
[EventDate "1999.05.22"]
[Source "ChessBase"]
[SourceDate "1999.10.01"]

1. d4 Nf6 2. c4 e6 3. Nc3 Bb4 4. e3 Bxc3+ 5. bxc3 c5 6. Bd3 d6 7. f4 Nc6 8. Nf3
Qa5 9. Bd2 Bd7 10. e4 O-O-O 11. O-O Be8 12. d5 Ne7 13. Qe2 Nd7 14. e5 dxe5 15.
fxe5 exd5 16. cxd5 c4 17. Bxc4 Nxd5 18. Kh1 N7b6 19. Bd3 Qa3 20. Nd4 Kb8 21. e6
fxe6 22. Nxe6 Rd7 23. Bf5 Bg6 24. c4 Bxf5 25. Rxf5 Ne7 26. Ra5 Qd3 27. Bf4+ Kc8
28. Qxd3 Rxd3 29. c5 Nbd5 30. Rxa7 Nxf4 31. Nxf4 Kb8 32. Rxb7+ Kxb7 33. Nxd3
Ra8 34. a4 Kc6 35. Kg1 Kd5 36. Kf2 Kc4 37. Ke2 Nc6 38. Rc1+ Kb3 39. Kd2 Rd8 40.
a5 Nxa5 41. Rb1+ Kc4 42. Rb4+ Kd5 43. Kc3 Kc6 44. Rb6+ Kc7 45. Nb4 Rd1 46. Na6+
Kd7 47. Rb5 Ra1 48. Kb2 Ra4 49. Rb4 Nc4+ 50. Kc3 Rxa6 51. Kxc4 Kc6 52. Rb6+
Rxb6 53. cxb6 h5 54. h4 1-0

[Event "IHEM"]
[Site "Hamburg"]
[Date "1999.05.23"]
[Round "2.13"]
[White "Bathke, Joerg"]
[Black "Hegeler, Frank"]
[Result "1-0"]
[WhiteElo "2225"]
[BlackElo "2356"]
[PlyCount "87"]
[EventDate "1999.05.22"]
[Source "ChessBase"]
[SourceDate "1999.10.01"]

1. e4 c5 2. f4 e6 3. Nf3 d5 4. Bb5+ Bd7 5. Bxd7+ Nxd7 6. d3 Ne7 7. Qe2 g6 8.
Nc3 d4 9. Nd1 Bg7 10. Nf2 O-O 11. g4 Rc8 12. h4 c4 13. h5 cxd3 14. cxd3 Nc6 15.
hxg6 hxg6 16. Bd2 Qb6 17. g5 Qxb2 18. O-O Qa3 19. e5 Nc5 20. Rad1 Qxa2 21. Ng4
Rfd8 22. Nf6+ Kf8 23. Rc1 Ne7 24. Rf2 Nd5 25. Nxd5 Qxd5 26. Bb4 b6 27. Nd2 a5
28. Ba3 b5 29. Bxc5+ Rxc5 30. Rxc5 Qxc5 31. Ne4 Qc1+ 32. Kg2 Ke7 33. Qa2 Rh8
34. Ng3 Qc6+ 35. Kg1 Qc1+ 36. Kg2 Qc6+ 37. Kg1 Qa8 38. Qb2 Qd8 39. Ne4 Kd7 40.
Rc2 a4 41. Rc5 Qa8 42. Qxb5+ Kd8 43. Qb6+ Ke8 44. Nd6+ 1-0

[Event "IHEM"]
[Site "Hamburg"]
[Date "1999.05.23"]
[Round "2.14"]
[White "Heyken, Enno"]
[Black "Engelbert, Christoph"]
[Result "1-0"]
[WhiteElo "2325"]
[BlackElo "2211"]
[PlyCount "79"]
[EventDate "1999.05.22"]
[Source "ChessBase"]
[SourceDate "1999.10.01"]

1. d4 g6 2. e4 Bg7 3. Nc3 d6 4. Be3 c6 5. Qd2 b5 6. a3 Nd7 7. Bd3 a6 8. Nce2
Bb7 9. Nh3 c5 10. c3 e6 11. a4 c4 12. Bc2 Ne7 13. f4 f5 14. Ng5 Nf8 15. d5 h6
16. Nxe6 Nxe6 17. dxe6 fxe4 18. axb5 axb5 19. Rxa8 Bxa8 20. Bd4 Rh7 21. Bxg7
Rxg7 22. Bxe4 Bxe4 23. Qd4 Nf5 24. Qxe4 Qb6 25. Nd4 Qb7 26. Qxb7 Rxb7 27. g4
Nxd4 28. cxd4 b4 29. f5 gxf5 30. gxf5 Ke7 31. Kd2 Rb5 32. Rf1 Kf6 33. Rf4 d5
34. Rf1 Rb7 35. Re1 Re7 36. Re5 Rg7 37. Rxd5 Rg2+ 38. Ke3 Rxb2 39. Re5 Ra2 40.
e7 1-0

[Event "IHEM"]
[Site "Hamburg"]
[Date "1999.05.24"]
[Round "3.1"]
[White "Kempinski, Robert"]
[Black "Urban, Klaudiusz"]
[Result "1-0"]
[WhiteElo "2533"]
[BlackElo "2444"]
[PlyCount "93"]
[EventDate "1999.05.22"]
[Source "ChessBase"]
[SourceDate "1999.10.01"]

1. d4 c5 2. d5 Nf6 3. c4 b5 4. Qc2 bxc4 5. e4 e6 6. Bxc4 exd5 7. exd5 d6 8. Nc3
Be7 9. h3 O-O 10. Nf3 Nbd7 11. O-O Nb6 12. b3 Nxc4 13. bxc4 Rb8 14. Bf4 Rb4 15.
Nd2 g6 16. a3 Bf5 17. Nce4 Rb8 18. Rfe1 Nxe4 19. Nxe4 Bxe4 20. Qxe4 Bf6 21.
Rab1 Qd7 22. Qd3 Rfe8 23. Rxb8 Rxb8 24. Qg3 Rb6 25. Bh6 Bg7 26. Bxg7 Kxg7 27.
Qc3+ f6 28. Re6 Qd8 29. g4 Kf7 30. h4 f5 31. g5 Rb7 32. Kg2 Rd7 33. Qb2 Kg8 34.
Qe2 Kf8 35. Rf6+ Rf7 36. Qe6 Rxf6 37. gxf6 Qe8 38. Kg3 Qd8 39. Kf4 h6 40. h5
gxh5 41. Kxf5 Qc7 42. Kg6 h4 43. Kxh6 a5 44. Kg5 a4 45. f3 Qf7 46. Qxd6+ Kg8
47. Qd8+ 1-0